Inventario de los monumentos históricos-artísticos de España... / (Record no. 27504)

MARC details
000 -LEADER
campo de control de longitud fija 00628nam a2200169 i 4500
001 - NÚMERO DE CONTROL
campo de control 27504
003 - IDENTIFICADOR DE NÚMERO DE CONTROL
campo de control ES-MaACL
005 - FECHA Y HORA DE LA ÚLTIMA TRANSACCIÓN
campo de control 20230906153630.0
007 - CAMPO FIJO DE DESCRIPCIÓN FÍSICA--INFORMACIÓN GENERAL
campo de control de longitud fija t|
008 - DATOS DE LONGITUD FIJA--INFORMACIÓN GENERAL
campo de control de longitud fija 030114s1968 sp ||||1| spa d
100 1# - ENTRADA PRINCIPAL--NOMBRE DE PERSONA
Nombre de persona Azcárate Ristori, José María de.
9 (RLIN) 24256
245 10 - MENCIÓN DEL TÍTULO
Título Inventario de los monumentos históricos-artísticos de España... /
Mención de responsabilidad, etc. bajo la dirección de José María Azcarate, por María Jesús Torres Peralta.
260 ## - PUBLICACIÓN, DISTRIBUCIÓN, ETC.
Lugar de publicación, distribución, etc. [Madrid :
Nombre del editor, distribuidor, etc. Dirección General de Bellas Artes,
Fecha de publicación, distribución, etc. 1968]
300 ## - DESCRIPCIÓN FÍSICA
Extensión 309 p., 4 lám ;
Dimensiones 20 cm.
700 1# - ENTRADA AGREGADA--NOMBRE PERSONAL
Nombre de persona Torres Peralta, María Jesús.
9 (RLIN) 110997
852 ## - LOCALIZACIÓN
Ubicación ES-MaACL
Número de control de estantería C-35063
Sublocalización o colección R.66713
Holdings
Estatus retirado Estado de pérdida Estado de daño No para préstamo Biblioteca de origen Biblioteca actual Ubicación en estantería Fecha de adquisición Fuente de adquisición Total de préstamos Signatura topográfica completa Código de barras Visto por última vez Precio de reemplazo Tipo de ítem Koha
        Biblioteca del Ateneo de Madrid Biblioteca del Ateneo de Madrid Depósito 2 17/01/2008     C-35063 1028400 23/02/2023 23/02/2023 Libro impreso